[Event "TCh-BEL 2002-3"]
[Site "Belgium BEL"]
[Date "2003.02.23"]
[Round "9"]
[White "Roeder,M"]
[Black "Ahn,M"]
[Result "1-0"]
[WhiteElo "2442"]
[BlackElo "2304"]

1.Nf3 Nf6 2.c4 g6 3.g3 Bg7 4.Bg2 O-O 5.O-O d6 6.d4 c5 7.Nc3 cxd4 8.Nxd4 Nc6
9.Nc2 Be6 10.b3 Ng4 11.Bd2 f5 12.Rc1 f4 13.gxf4 Rf5 14.Ne4 Rh5 15.h3 Nh6
16.Ng5 Qd7 17.Nxe6 Qxe6 18.e4 Rf8 19.Be3 Qf6 20.Ne1 Nd8 21.Nd3 Ne6 22.f5 Nd4
23.Nf4 Rg5 24.Bxd4 Rxg2+ 25.Nxg2 Qxd4 26.Qxd4 Bxd4 27.Nf4 Rf6 28.Nd5 Rf7
29.Rfd1 Bg7 30.fxg6 hxg6 31.c5 dxc5 32.Rxc5 e6 33.Rc8+ Kh7 34.Ne3 Be5 35.Rcd8 Rf4
36.R1d7+ Nf7 37.Rxb7 Kg7 38.Nc4 Bc3 39.Nd6 Be5 40.Nxf7 Rxf7 41.Rxf7+ Kxf7
42.Rd7+ Kf6 43.Rxa7  1-0

[Event "Jch-RUS b20"]
[Site "Essentuki RUS"]
[Date "2003.03.03"]
[Round "2"]
[White "Maletin,P"]
[Black "Belenov,D"]
[Result "1-0"]
[WhiteElo "2374"]
[BlackElo "2303"]

1.Nf3 Nf6 2.g3 g6 3.Bg2 Bg7 4.c4 O-O 5.O-O d6 6.d4 Nbd7 7.Nc3 e5 8.h3 c6
9.e4 Qb6 10.c5 dxc5 11.dxe5 Ne8 12.e6 fxe6 13.Ng5 Ne5 14.f4 c4+ 15.Kh2 h6
16.Nf3 Nxf3+ 17.Rxf3 e5 18.Qe2 Be6 19.Be3 Qb4 20.Qf2 exf4 21.gxf4 Qa5 22.Rf1 Nf6
23.Kg1 Bf7 24.Bd4 Rae8 25.e5 Nd7 26.Ne4 Bd5 27.Qc2 g5 28.Ra3 Qb4 29.Nd6 Nxe5
30.fxe5 Rxf1+ 31.Bxf1 Re6 32.Qf2 Rxe5 33.Bxe5 Bxe5 34.Nf5 c3 35.Rxc3 Bxc3
36.bxc3 Qxc3 37.Nxh6+ Kh7 38.Ng4 Kg6 39.Kh2 Qa1 40.Bd3+ Kg7 41.Kg3 Bxa2 42.Qe3 Kf8
43.Ne5 Bd5 44.Ng6+ Kg7 45.Qe7+ Kh6 46.Qf8+ Qg7 47.Qd6 Qc3 48.Ne5+ Kg7 49.Qe7+ Kg8
50.Qh7+  1-0

[Event "FSIMB March"]
[Site "Budapest HUN"]
[Date "2003.03.04"]
[Round "4"]
[White "Zhidkov,V"]
[Black "Yeke,S"]
[Result "1-0"]
[WhiteElo "2372"]
[BlackElo "2277"]

1.Nf3 Nf6 2.c4 g6 3.g3 Bg7 4.Bg2 O-O 5.O-O d6 6.d4 Nc6 7.Nc3 a6 8.h3 Bd7
9.e4 e5 10.d5 Nd4 11.Nxd4 exd4 12.Qxd4 Qc8 13.h4 b5 14.cxb5 axb5 15.Qb4 Ng4
16.Bf4 Qa6 17.Bh3 f5 18.Rfe1 Ne5 19.Bxe5 Bxe5 20.exf5 Bxf5 21.Bxf5 Rxf5 22.Kg2 Raf8
23.Re2 Rf3 24.Ne4 Qc8 25.Rh1 Qf5 26.Qd2 h6 27.b3 b4 28.Qxh6 Rxf2+ 29.Nxf2 Qf3+
30.Kg1 Qxe2 31.Qxg6+ Bg7 32.Qe6+ Qxe6 33.dxe6 Bd4 34.Rh2 Rf3 35.Rg2 Kf8 36.Kf1 Ke7
37.Ke2 Rxf2+ 38.Rxf2 Bxf2 39.Kxf2 Kxe6 40.h5 d5 41.g4 Kf6 42.h6 Kg6 43.g5 c5
44.Ke3 d4+ 45.Kd3 Kh7 46.Kc2 Kg6 47.Kb2  1-0

[Event "Spring Festival GM"]
[Site "Bucharest ROM"]
[Date "2003.03.05"]
[Round "3"]
[White "Itkis,B"]
[Black "Radovanovic,D"]
[Result "1/2-1/2"]
[WhiteElo "2452"]
[BlackElo "2326"]

1.Nf3 Nf6 2.c4 g6 3.g3 Bg7 4.Bg2 O-O 5.O-O d6 6.d4 Nbd7 7.Nc3 e5 8.e4 exd4
9.Nxd4 Re8 10.h3 a6 11.Re1 Rb8 12.Rb1 c5 13.Nde2 Ne5 14.b3 Nc6 15.Bf4 Nd4
16.a4 b6 17.Be3 Nxe2+ 18.Rxe2 Ng4 19.hxg4 Bxc3 20.Rc2 Bf6 21.Rd2 Qe7 22.Rd5 Bb7
23.Rxd6 Bd4 24.Rxd4 cxd4 25.Qxd4 Bxe4 26.Bxe4 Qxe4 27.Qxe4 Rxe4 28.g5 Ree8
29.Kg2  1/2-1/2

[Event "FSIMB March"]
[Site "Budapest HUN"]
[Date "2003.03.06"]
[Round "6"]
[White "Zhidkov,V"]
[Black "Dencsi,T"]
[Result "1-0"]
[WhiteElo "2372"]
[BlackElo "2225"]

1.Nf3 Nf6 2.c4 g6 3.g3 Bg7 4.Bg2 O-O 5.O-O d6 6.d4 Nc6 7.Nc3 a6 8.h3 Rb8
9.Be3 Bd7 10.Rc1 b5 11.Nd2 e6 12.b3 Ne7 13.f4 b4 14.Nce4 Nxe4 15.Nxe4 f5
16.Ng5 h6 17.Nf3 Kh7 18.Bf2 Rf7 19.Re1 Ng8 20.e4 Nf6 21.Nd2 fxe4 22.Nxe4 Nxe4
23.Bxe4 Bf6 24.h4 d5 25.Bb1 Bxh4 26.Qh5  1-0

[Event "Mediteranian Flower WGM"]
[Site "Rejika CRO"]
[Date "2003.03.08"]
[Round "2"]
[White "Pahor,A"]
[Black "Repkova,E"]
[Result "0-1"]
[WhiteElo "2034"]
[BlackElo "2361"]

1.Nf3 Nf6 2.c4 g6 3.g3 Bg7 4.Bg2 O-O 5.O-O Re8 6.Nc3 e5 7.d3 c6 8.Bg5 h6
9.Bxf6 Qxf6 10.Ne4 Qe6 11.c5 Na6 12.a3 b6 13.Nd6 Rd8 14.Nxc8 Rdxc8 15.cxb6 axb6
16.Qc2 Nc7 17.Rac1 Ra6 18.Nd2 Nb5 19.e3 d5 20.Qb3 Nc7 21.Rc2 Bf8 22.Rfc1 c5
23.h4 b5 24.Kh2 c4 25.dxc4 bxc4 26.Qa2 Qf6 27.Nxc4 dxc4 28.Bb7 Rd8 29.Bxa6 Nxa6
30.Qxc4 Nc5 31.b4 Nd3 32.Rf1 Qf3 33.h5 g5 34.b5 e4 35.Kg1 Bc5 36.Rd2 Bb6
37.Qc6 Bxe3 38.Qc7 Bxd2 39.Qxd8+ Kh7 40.Qd5 Ne1 41.Rxe1 Bxe1 42.Qd4 Bc3 43.Qd5 Ba5
44.Qc6 Qd1+ 45.Kg2 Qd4 46.Qc8 Qd5 47.Qc2 Kg7 48.Qb2+ Kg8 49.Kg1 Qd1+ 50.Kg2 Qf3+
51.Kg1 Bb6 52.Kf1 e3  0-1

[Event "Mediteranian Flower WGM"]
[Site "Rejika CRO"]
[Date "2003.03.11"]
[Round "5"]
[White "Franciskovic,B"]
[Black "Kaps,D"]
[Result "1-0"]
[WhiteElo "1991"]
[BlackElo "2246"]

1.Nf3 Nf6 2.c4 g6 3.g3 Bg7 4.Bg2 O-O 5.Nc3 d6 6.O-O Nc6 7.d3 e5 8.Rb1 Nd7
9.b4 Nd4 10.b5 Nxf3+ 11.Bxf3 Nc5 12.Nd5 Bh3 13.Re1 f5 14.Qc2 Qd7 15.Nc3 Rae8
16.Be3 e4 17.dxe4 fxe4 18.Nxe4 Qf5 19.Bxc5 dxc5 20.Rbc1 Bd4 21.Nd2 Qg5 22.Ne4 Qe5
23.Qd2 Rd8 24.Qh6 Bf5 25.Ng5 Qe7 26.Bd5+ Rxd5 27.cxd5 Bd7 28.e3 Bf6 29.Ne6 Rc8
30.Qf4 b6 31.Qc4 Qd6 32.Red1 Re8 33.Nxc7 Re5 34.Ne6 h5 35.Qf4 Kf7 36.h4 Bxb5
37.Ng5+ Kg7 38.Ne4 Qd8 39.Qxf6+ Qxf6 40.Nxf6 Kxf6 41.Kg2 Bd7 42.Rc3 Re4 43.f3 Re8
44.e4 Rc8 45.f4 Bg4 46.e5+ Ke7 47.Rd2 Bf5 48.Ra3 a5 49.Rb2 Be4+ 50.Kf2 Bxd5
51.Rxb6 c4 52.Rc3 Be4 53.Ra6 Rc5 54.Ke3 Bd3 55.Kd4 Rb5 56.a4 Rb1 57.Rxa5 Rg1
58.Rxd3 cxd3 59.Kxd3 Rxg3+ 60.Ke4 Rg4 61.Ra6 Kf7 62.Ra7+ Kf8 63.a5 Rxh4 64.a6 g5
65.Kf5 Rxf4+ 66.Kxg5 Ra4 67.Kxh5 Ra5 68.Kg5 Rxe5+ 69.Kf6 Re8 70.Rb7 Rc8 71.a7  1-0

[Event "TCh-CZE 2002-3"]
[Site "Czech Rep CZE"]
[Date "2003.03.16"]
[Round "9"]
[White "Jurka,M"]
[Black "Banas,J"]
[Result "1/2-1/2"]
[WhiteElo "2377"]
[BlackElo "2365"]

1.Nf3 Nf6 2.c4 g6 3.g3 Bg7 4.Bg2 O-O 5.d4 d5 6.cxd5 Nxd5 7.O-O Nb6 8.Nc3 Nc6
9.d5 Na5 10.Qc2 Nxd5 11.Rd1 c6 12.Ne1 Bd7 13.Nxd5 cxd5 14.Rxd5 e6 15.Rd3 Qc8
16.Bd2 Nc6 17.Bc3 e5 18.Rd2 Bf5 19.Be4 Bxe4 20.Qxe4 Qe6 21.Qd5 Qxd5 22.Rxd5 Rfd8  1/2-1/2

[Event "National I"]
[Site "Besancon FRA"]
[Date "2003.04.04"]
[Round "4"]
[White "Anic,D"]
[Black "Zaffaroni,J"]
[Result "1-0"]
[WhiteElo "2455"]
[BlackElo "2013"]

1.Nf3 Nf6 2.c4 g6 3.g3 Bg7 4.Bg2 O-O 5.O-O c6 6.d4 d5 7.Qb3 dxc4 8.Qxc4 Nbd7
9.Nc3 Nb6 10.Qd3 Re8 11.Rd1 Bf5 12.e4 Bg4 13.h3 Bxf3 14.Qxf3 e5 15.dxe5 Nfd7
16.Qe2 Bxe5 17.a4 Qe7 18.a5 Nc8 19.f4 Bg7 20.Be3 Nd6 21.Qd3 Bf8 22.Bf2 Red8
23.Qf1 Bg7 24.e5 Nf5 25.a6 Nc5 26.axb7 Nxb7 27.Bxc6 Rac8 28.Nd5  1-0

[Event "ch-SCO"]
[Site "Edinburgh SCO"]
[Date "2003.04.07"]
[Round "3"]
[White "Gourlay,I"]
[Black "Arakhamia,K"]
[Result "0-1"]
[WhiteElo "2276"]
[BlackElo "2413"]

1.Nf3 Nf6 2.g3 g6 3.Bg2 Bg7 4.c4 O-O 5.Nc3 d6 6.O-O e5 7.d3 h6 8.Rb1 a5 9.a3 c6
10.c5 Na6 11.cxd6 Qxd6 12.Nd2 Be6 13.Nc4 Qc7 14.b4 axb4 15.axb4 b5 16.Nd2 Rfd8
17.Qc2 Bf8 18.Ba3 Qb6 19.Nde4 Nd7 20.Rfc1 Nc7 21.Ra1 Ra6 22.Nc5 Nxc5 23.bxc5 Qa7
24.Bb2 Bxc5 25.Ne4 Bd4 26.Bxd4 Qxd4 27.Rxa6 Nxa6 28.Qd2 Kg7 29.Rxc6 Nb8 30.Rc1 Nd7
31.e3 Qa4 32.Qb2 Qb3 33.Qxb3 Bxb3 34.Rb1 Ba4 35.Nc3 Nc5 36.Nxb5 Rxd3 37.Bf1 Rd2
38.Rc1 Nb3 39.Rb1 Rc2 40.Bd3 Rc5 41.Na3 Nd2 42.Ra1 Nf3+ 43.Kg2 Bc6 44.Be2 Nd2+
45.Kg1 f5 46.Rd1 Nf3+ 47.Kg2 Ng5+ 48.Kf1 f4 49.h4 Ne4 50.exf4 exf4 51.g4 Rc3
52.Bb5 Ba8 53.Nb1 Rc2 54.Be2 f3 55.Bd3 Rxf2+ 56.Ke1 Rh2 57.Bf1  0-1

[Event "Team Cup"]
[Site "Belgrade YUG"]
[Date "2003.04.08"]
[Round "5"]
[White "Hrzic,I"]
[Black "Ivanovic,N"]
[Result "1/2-1/2"]
[WhiteElo "2300"]
[BlackElo "2224"]

1.Nf3 Nf6 2.c4 g6 3.g3 Bg7 4.Bg2 O-O 5.O-O d6 6.d4 Nc6 7.Nc3 a6 8.b3 Bd7
9.Nd5 Nxd5 10.cxd5 Na7 11.Bg5 Rb8 12.Qd2 b5 13.Bh6 b4 14.e4 a5 15.e5 Nb5
16.Bxg7 Kxg7 17.Qe3 Nc3 18.Nd2 e6 19.dxe6 Bxe6 20.Ne4 Nxe4 21.Qxe4 Bf5 22.Qd5 Bd3
23.Rfc1 Rb5 24.Qf3 Bf5 25.Qc6 Bd7 26.Qxc7 dxe5 27.dxe5 Qxc7 28.Rxc7 Be6 29.Re1 Rd8
30.Rc2 Rxe5 31.Rec1 Bf5 32.Rb2 Rde8 33.Bf3 Re1+ 34.Rxe1 Rxe1+ 35.Kg2 Ra1
36.Rd2 Rc1 37.Rd5 a4 38.bxa4 Be6 39.Rd4 Rb1 40.a5 Rb2 41.a3 bxa3 42.Ra4 a2
43.a6 Rb1 44.a7 a1=Q 45.Rxa1 Rxa1 46.a8=Q  1/2-1/2

[Event "ch-SCO"]
[Site "Edinburgh SCO"]
[Date "2003.04.12"]
[Round "8"]
[White "Grant,A"]
[Black "Arakhamia,K"]
[Result "0-1"]
[WhiteElo "2271"]
[BlackElo "2413"]

1.Nf3 Nf6 2.c4 g6 3.g3 Bg7 4.Bg2 O-O 5.O-O d6 6.Nc3 e5 7.d3 h6 8.Bd2 a5 9.a3 Re8
10.Rc1 c6 11.e4 Na6 12.Re1 Nc5 13.Be3 Ng4 14.b4 axb4 15.axb4 Nxe3 16.Rxe3 Ne6
17.Re1 Qb6 18.Rb1 Bd7 19.Bh3 Ra3 20.Bxe6 Bxe6 21.Rb3 Rea8 22.Qb1 Bh3 23.Rxa3 Rxa3
24.Qb2 Ra8 25.Rb1 Qa7 26.b5 Bf6 27.Ne1 Qd4 28.Qb3 Kg7 29.Na2 cxb5 30.Nc3 bxc4
31.Qxb7 Qxc3 32.Qxa8 cxd3 33.Qa1 Qc4 34.f3 Qc5+ 35.Kh1 Qf2  0-1

[Event "41st Doeberl Cup"]
[Site "Canberra AUS"]
[Date "2003.04.19"]
[Round "3"]
[White "Froehlich,P"]
[Black "Rej,T"]
[Result "1/2-1/2"]
[WhiteElo "2425"]
[BlackElo "2220"]

1.Nf3 Nf6 2.c4 g6 3.g3 Bg7 4.Bg2 O-O 5.O-O c5 6.d4 cxd4 7.Nxd4 Nc6 8.Nc3 Qb6
9.Ndb5 a6 10.Na4 Qd8 11.Nd4 d5 12.cxd5 Nxd5 13.Nxc6 bxc6 14.Bd2 Nb6 15.Bxc6 Rb8
16.Bf4 e5 17.Be3 Qxd1 18.Rfxd1 Nxa4 19.Bxa4 Be6 20.b3 Rfc8 21.Bd7 Bxd7 22.Rxd7 Bf8
23.Ra7 Ra8 24.Rc1 a5 25.Rac7 Rd8 26.Kg2 Bb4 27.Bg5 Rd6 28.Be7 Rda6 29.Kf3 Bd6
30.Bxd6 Rxd6 31.R1c5 Rf6+ 32.Ke3 a4 33.Rxe5 axb3 34.axb3 Rb6 35.g4 Rb4 36.Kf3 Ra3
37.Re8+  1/2-1/2

[Event "Commonwealth Ch"]
[Site "Mumbai IND"]
[Date "2003.04.20"]
[Round "1"]
[White "Sorokin,M"]
[Black "Akshayraj,K"]
[Result "1-0"]
[WhiteElo "2568"]
[BlackElo "2283"]

1.Nf3 Nf6 2.c4 g6 3.g3 Bg7 4.Bg2 O-O 5.O-O d6 6.d4 Nbd7 7.Nc3 e5 8.e4 c6
9.b3 exd4 10.Nxd4 Re8 11.h3 Nc5 12.Re1 a5 13.Bf4 Nh5 14.Be3 a4 15.Rb1 axb3
16.axb3 Ne6 17.Qd2 Nf6 18.Nxe6 Bxe6 19.Red1 Qa5 20.Ne2 Qxd2 21.Rxd2 Bf8 22.Bf4 Rad8
23.Rbd1 Ra8 24.Bxd6 Bxh3 25.Bxf8 Bxg2 26.Kxg2 Kxf8 27.f3 Ra3 28.Rd3 Ra2 29.R1d2 Rxd2
30.Rxd2 Ke7 31.Nc3 Rd8 32.Rxd8 Kxd8 33.f4 h5 34.Kf3 Ke7 35.e5 Nd7 36.Ne4 f6
37.exf6+ Nxf6 38.Nc5 b5 39.cxb5 cxb5 40.Ke3 Ng4+ 41.Ke4 Kd6 42.Kd4 Nh6 43.Ne4+ Ke6
44.b4 Nf5+ 45.Kc5 h4 46.gxh4 Nxh4 47.Ng3 Ng2 48.Ne2 Ne3 49.Nd4+ Kf6 50.Nxb5 Nc2
51.Nd6 g5 52.fxg5+ Kxg5 53.b5 Na1 54.Kc4  1-0

[Event "Commonwealth Ch"]
[Site "Mumbai IND"]
[Date "2003.04.20"]
[Round "1"]
[White "Harika,D"]
[Black "Sasikiran,K"]
[Result "0-1"]
[WhiteElo "2294"]
[BlackElo "2658"]

1.Nf3 Nf6 2.c4 g6 3.g3 Bg7 4.Bg2 O-O 5.O-O d6 6.d4 Nbd7 7.Nc3 e5 8.e4 a6
9.Rb1 exd4 10.Nxd4 Rb8 11.a4 a5 12.h3 Re8 13.Re1 c6 14.Be3 Nc5 15.Qc2 Qe7
16.Rbd1 Nfd7 17.b3 Na6 18.Nde2 Nb4 19.Qb1 Nc5 20.Bd4 f5 21.Bxg7 Kxg7 22.Nd4 Qf6
23.Re3 Bd7 24.Rf3 Nxe4 25.Nxe4 Rxe4 26.Qxe4 fxe4 27.Rxf6 Kxf6 28.Ne2 Ke7
29.Nc3 e3 30.fxe3 Bf5 31.e4 Be6 32.Kf2 Rf8+ 33.Ke2 Na6 34.Rb1 Nc5 35.Ke3 Ra8
36.Nd1 Ra6 37.Kd2 Rb6 38.Kc2 d5 39.cxd5 cxd5 40.Nc3 dxe4 41.Nxe4 Bf5 42.Re1 Re6  0-1

[Event "Commonwealth Ch"]
[Site "Mumbai IND"]
[Date "2003.04.21"]
[Round "3"]
[White "Harika,D"]
[Black "Siti,Z"]
[Result "1-0"]
[WhiteElo "2294"]
[BlackElo "2055"]

1.Nf3 Nf6 2.c4 g6 3.g3 Bg7 4.Bg2 O-O 5.O-O d6 6.d4 c6 7.Nc3 Qa5 8.h3 Be6
9.Qd3 d5 10.cxd5 cxd5 11.Ne5 Na6 12.Be3 Rfd8 13.Qd2 Qb6 14.Rfd1 Rac8 15.Nd3 Ne8
16.Nf4 Nf6 17.Rac1 Rc7 18.a3 Rcd7 19.b4 Ne8 20.b5 Nb8 21.Na4 Qd6 22.Nc5 Rc7
23.Nfxe6 fxe6 24.Bf4 Qb6 25.Bxc7 Nxc7 26.a4 a6 27.bxa6 bxa6 28.Rb1 Qc6 29.Rdc1 Qe8
30.Rb7 Rc8 31.Nxe6 Nxe6 32.Bxd5 Rxc1+ 33.Qxc1  1-0

[Event "Commonwealth Ch"]
[Site "Mumbai IND"]
[Date "2003.04.23"]
[Round "5"]
[White "Srinivasa Rao,M"]
[Black "Siti,Z"]
[Result "1/2-1/2"]
[WhiteElo "2301"]
[BlackElo "2055"]

1.Nf3 Nf6 2.c4 g6 3.g3 Bg7 4.Bg2 O-O 5.O-O d6 6.Nc3 c6 7.d4 Qa5 8.d5 cxd5
9.cxd5 Na6 10.Nd4 Bd7 11.Nb3 Qb4 12.h3 Rfc8 13.Be3 Nh5 14.a3 Qc4 15.Rc1 Ba4
16.Nxa4 Qxa4 17.Nd4 Qd7 18.Qd2 Nc5 19.b4 Na4 20.Rxc8+ Rxc8 21.Rc1 a6 22.Rc2 Nb6
23.Qd3 Nf6 24.Rxc8+ Qxc8 25.Nf5 Nbxd5 26.Nxg7 Nxe3 27.Qxe3 Kxg7 28.Qxe7 Qc1+
29.Kh2 Qxa3 30.Qxb7 Qa2 31.Bf3 Qc4 32.Qb6 d5 33.Qd6 Qd4 34.e3 Qc4 35.Kg2 Ne4
36.Qe5+ Kg8 37.Qd4 Qc6 38.g4 h6 39.h4 Qe6 40.Kf1 Qc6 41.Kg2 Qe6 42.Qa7 Nc3
43.Qc5 Ne4 44.Qc7 Nd2 45.Qd8+ Kg7 46.Qxd5 Nxf3 47.Qxf3 Qe7 48.Qf4 Qxh4 49.Qc4 h5
50.Qd4+ Kg8 51.gxh5 Qxh5 52.Qf4 Qf5  1/2-1/2

[Event "TCh-ESP"]
[Site "Lanzarote ESP"]
[Date "2003.05.11"]
[Round "6"]
[White "Llobel Cortell,E"]
[Black "Jerez Perez,A"]
[Result "0-1"]
[WhiteElo "2389"]
[BlackElo "2415"]

1.Nf3 Nf6 2.c4 g6 3.g3 Bg7 4.Bg2 O-O 5.O-O d6 6.d4 Nc6 7.Nc3 a6 8.Re1 Rb8
9.Rb1 b5 10.cxb5 axb5 11.b4 e5 12.d5 Ne7 13.e4 Bd7 14.Qd3 h6 15.Rd1 Nh5 16.Nd2 f5
17.f3 f4 18.g4 Nf6 19.Nb3 Nh7 20.Bd2 h5 21.h3 Bf6 22.Be1 Kg7 23.Na5 hxg4
24.hxg4 Rh8 25.Rb2 Ng5 26.Rdd2 Qc8 27.Qe2 Rh6 28.Qd1 Qh8 29.Rf2 Rh2 30.Kf1 Rxg2
31.Rxg2 Qh1+ 32.Rg1 Qh3+ 33.Rgg2 Nxf3 34.Rf2 Bxg4 35.Ne2 Nh4 36.Kg1 Nxg2
37.Rxg2 Rh8 38.Qb3 Qh1+  0-1

[Event "Capablanca Mem Premier I"]
[Site "Havana CUB"]
[Date "2003.05.15"]
[Round "10"]
[White "Szekely,P"]
[Black "Herraiz Hidalgo,H"]
[Result "1/2-1/2"]
[WhiteElo "2417"]
[BlackElo "2491"]

1.Nf3 Nf6 2.c4 g6 3.g3 Bg7 4.Bg2 O-O 5.O-O c5 6.d4 cxd4 7.Nxd4 Nc6 8.Nc3 Nxd4
9.Qxd4 d6 10.Qd3 a6  1/2-1/2

[Event "ch-EST"]
[Site "Tallinn EST"]
[Date "2003.05.22"]
[Round "4.2"]
[White "Seeman,T"]
[Black "Sepp,O"]
[Result "0-1"]
[WhiteElo "2429"]
[BlackElo "2425"]

1.Nf3 Nf6 2.c4 g6 3.g3 Bg7 4.Bg2 O-O 5.O-O d6 6.Nc3 Nc6 7.d4 a6 8.d5 Na5
9.Nd2 c5 10.Qc2 Rb8 11.Rb1 b5 12.b3 e5 13.dxe6 Bxe6 14.Nd5 bxc4 15.bxc4 Rxb1
16.Nxb1 Nxd5 17.cxd5 Bd7 18.Bb2 Bxb2 19.Qxb2 Re8 20.e3 Bb5 21.Rc1 Nc4 22.Qc3 Ne5
23.Nd2 h5 24.h3 h4 25.g4 Kh7 26.a4 Bxa4 27.f4 Nd7 28.Ne4 Qe7 29.g5 Rb8 30.Nf6+ Nxf6
31.gxf6 Qf8 32.Qe1 Qh6 33.Qa5 Bb5 34.Qc7 Qf8 35.e4 Rc8 36.Qb7 c4 37.e5 dxe5
38.fxe5 Qc5+ 39.Kh1 Rc7 40.Qb8 c3 41.e6 c2 42.exf7 Rxf7 43.Qf4 Bd3 44.Qxh4+ Kg8
45.Qf4 Bf5 46.Be4 Qb4  0-1

[Event "CRO-Cup"]
[Site "Rabac CRO"]
[Date "2003.05.27"]
[Round "2"]
[White "Savic,Mir"]
[Black "Sikanjic,B"]
[Result "1-0"]
[WhiteElo "2239"]
[BlackElo "2075"]

1.Nf3 Nf6 2.c4 g6 3.g3 Bg7 4.Bg2 O-O 5.Nc3 c6 6.O-O d5 7.d4 Nbd7 8.cxd5 Nxd5
9.e4 Nxc3 10.bxc3 Nb6 11.Re1 Be6 12.Ng5 Bc4 13.a4 c5 14.Be3 Nd7 15.e5 h6
16.Ne4 Qa5 17.Nxc5 Nxc5 18.dxc5 Rfd8 19.Bd4 Rd7 20.Rb1 Qa6 21.Rb4 Rc8 22.Qb1 Rcc7
23.Qb2 e6 24.Rb1 Bd5 25.Bf1  1-0

[Event "CRO-Cup"]
[Site "Rabac CRO"]
[Date "2003.05.28"]
[Round "3"]
[White "Savic,Mir"]
[Black "Jovanic,O"]
[Result "1-0"]
[WhiteElo "2239"]
[BlackElo "2423"]

1.Nf3 Nf6 2.c4 g6 3.g3 Bg7 4.Bg2 O-O 5.O-O d6 6.Nc3 e5 7.d4 Nbd7 8.dxe5 dxe5
9.Qc2 Re8 10.Rd1 h6 11.e4 c6 12.b4 a5 13.b5 Qc7 14.Ba3 Bf8 15.Bxf8 Nxf8 16.Qd2 Bg4
17.Qd6 Qxd6 18.Rxd6 Bxf3 19.Bxf3 Re6 20.Rad1 Kg7 21.bxc6 bxc6 22.Na4 Rxd6
23.Rxd6 Ne6 24.Kg2 Nd4 25.Nc5 Ra7 26.Nb3 Nxb3 27.axb3 Rc7 28.Rd8 Nd7 29.Ra8 Rb7
30.Bd1 Nc5 31.Rxa5 Nxb3 32.Bxb3 Rxb3 33.Rxe5 Kf6 34.f4 Ra3 35.Kh3 Ra4 36.Rc5 Ra6
37.Kg4 Ke6 38.Re5+ Kf6 39.h3 Rb6 40.Ra5 Rb4 41.Rc5 Rb6 42.Kh4 Ra6 43.g4 Ke6
44.Re5+ Kf6 45.g5+ hxg5+ 46.Rxg5 Rb6 47.Kg4 Ra6 48.Rc5 Rb6 49.Ra5 Rb4 50.Rc5 Rb6
51.h4 Ra6 52.h5 gxh5+ 53.Rxh5 Kg6 54.Rc5 f6 55.f5+ Kf7 56.Kf4 Rb6 57.e5 fxe5+
58.Kxe5 Ke7 59.Ra5 Rb7 60.Ra6 Kd7 61.f6 Rb8 62.Ra7+ Ke8 63.f7+ Kf8 64.Kd6 Rb1
65.c5 Rd1+ 66.Kxc6 Rc1 67.Rd7 Rb1  1-0

[Event "TCh-NOR"]
[Site "Asker NOR"]
[Date "2003.06.01"]
[Round "5"]
[White "Gronn,A"]
[Black "Gullaksen,E"]
[Result "1/2-1/2"]
[WhiteElo "2310"]
[BlackElo "2354"]

1.Nf3 Nf6 2.c4 g6 3.g3 Bg7 4.Bg2 O-O 5.d4 d6 6.O-O c6 7.Nc3 Qb6 8.b3 Qa5
9.Bd2 Qh5 10.Bf4 Bh3 11.Bxh3 Qxh3 12.Ng5 Qh5 13.f3 h6 14.Nge4 Nxe4 15.Nxe4 f5
16.Nf2 e5 17.dxe5 dxe5 18.Be3 Na6 19.Qd6 e4 20.g4 Qh4 21.Rad1 exf3 22.exf3 Kh7
23.Qg3 Qxg3+ 24.hxg3 fxg4 25.Nxg4 Rf7 26.Kg2 h5 27.Nf2 Bh6 28.Bd4 c5 29.Ba1 Nb4
30.Ne4 Nc2 31.Nf6+ Kg7 32.Nd5+ Kf8 33.Be5 Rd8 34.f4 Bg7 35.Bxg7+ Kxg7 36.Kf3 Rfd7
37.Rc1 Nb4 38.Nxb4 cxb4 39.Rce1 Rd3+ 40.Re3 Kf6 41.Rf2 b6 42.a3 bxa3 43.Ra2 Kf5
44.Rxa3 Rxe3+ 45.Kxe3 Rd7 46.b4 Re7+ 47.Kd4 Rd7+ 48.Ke3 Re7+ 49.Kd4 Rd7+
50.Ke3  1/2-1/2

[Event "17th Open"]
[Site "Pula CRO"]
[Date "2003.06.01"]
[Round "1"]
[White "Krkljes,S"]
[Black "Bogdanovski,V"]
[Result "0-1"]
[WhiteElo "2137"]
[BlackElo "2449"]

1.c4 g6 2.g3 Bg7 3.Bg2 Nf6 4.Nf3 O-O 5.O-O Nc6 6.d4 a6 7.Nc3 Rb8 8.a3 b5
9.cxb5 axb5 10.b4 e6 11.Qc2 Ne7 12.e4 d6 13.h3 Bb7 14.Be3 Bc6 15.Nd2 Nd7
16.Nb3 Nb6 17.Na5 Bd7 18.Rac1 c6 19.Bf4 Be8 20.Rfd1 Qd7 21.d5 cxd5 22.exd5 Rc8
23.Qd3 e5 24.Be3 Nc4 25.Nxc4 bxc4 26.Qe2 f5 27.f4 e4 28.Bd4 Bxd4+ 29.Rxd4 Qa7
30.Qe3 Qxa3 31.Rb1 Bf7 32.Bf1 Qa7 33.Rxe4 Qxe3+ 34.Rxe3 Nxd5 35.Nxd5 Bxd5
36.Rc3 Be4 37.Rb2 d5 38.b5 Rb8 39.Kf2 Rfd8 40.Ra3 Rd6 41.Ra7 c3 42.Rb4 d4
43.Bc4+ Kh8 44.Be2 c2 45.Rc7 d3 46.b6 dxe2 47.b7 e1=Q+ 48.Kxe1 Rd1+ 49.Ke2 c1=Q  0-1

[Event "17th Open"]
[Site "Pula CRO"]
[Date "2003.06.01"]
[Round "1"]
[White "Petrov,J"]
[Black "Scharrer,U"]
[Result "1-0"]
[WhiteElo "2431"]
[BlackElo "2116"]

1.Nf3 Nf6 2.c4 g6 3.g3 Bg7 4.Bg2 O-O 5.O-O d6 6.d4 Nc6 7.Nc3 a6 8.Re1 Rb8
9.Rb1 Nd7 10.e4 e5 11.d5 Ne7 12.b4 h6 13.Ba3 b5 14.cxb5 axb5 15.Bf1 Ba6 16.Bc1 Qc8
17.Qd3 f5 18.Nd2 fxe4 19.Ndxe4 Nf5 20.Be3 Nf6 21.Nxf6+ Rxf6 22.a4 Nd4 23.Bxd4 exd4
24.Nxb5 Qf8 25.Qxd4 Rf3 26.Qd2 Bxb5 27.Bxb5 Bc3 28.Qc2 Bxe1 29.Rxe1 Qf7 30.Re6 Rf6
31.Rxf6 Qxf6 32.Qxc7 Rf8 33.Qc2 Kg7 34.a5 Qd4 35.Bc6 Qxb4 36.a6 Qb6 37.Qe2 Rf7
38.h4 Qa7 39.Kg2 Re7 40.Qb2+ Kf7 41.Bb7 h5 42.Bc8 Re5 43.Be6+ Kf8 44.Qb7 Qd4
45.Qf7+  1-0

[Event "Master Open"]
[Site "Ploiesti ROM"]
[Date "2003.06.06"]
[Round "8"]
[White "Levay,S"]
[Black "Ionescu,D"]
[Result "1/2-1/2"]
[WhiteElo "2296"]
[BlackElo "2427"]

1.Nf3 Nf6 2.c4 g6 3.g3 Bg7 4.Bg2 O-O 5.O-O d6 6.d4 Nbd7 7.Nc3 e5 8.e4 exd4
9.Nxd4 Re8 10.h3 a6 11.Re1 Rb8 12.b3 c5 13.Nde2 b5 14.cxb5 axb5 15.Bb2 b4
16.Na4 Nxe4 17.Bxg7 Kxg7 18.Bxe4 Rxe4 19.Qxd6 Qe8 20.Nxc5 Nxc5 21.Qxb8 Nd3
22.Rec1 Rxe2 23.Rxc8 Qe4 24.Rg8+ Kh6 25.Qf8+ Kg5 26.Qd8+ f6 27.Re8 Qxe8 28.Qxd3 f5
29.Rd1 Re1+ 30.Rxe1 Qxe1+ 31.Kg2 Qc3 32.Qd8+ Kh6 33.Qh4+ Kg7 34.Qe7+ Kh6
35.Qe3+ Kg7 36.g4 fxg4 37.hxg4 Kf6 38.Qf4+ Ke6 39.Qf8 Kd5 40.Qf7+ Ke4 41.f3+ Ke5
42.Qe7+ Kf4 43.Qd6+ Kg5 44.Qe7+  1/2-1/2

[Event "IHEM"]
[Site "Hamburg GER"]
[Date "2003.06.08"]
[Round "2"]
[White "Pajeken,W"]
[Black "Lanka,Z"]
[Result "1/2-1/2"]
[WhiteElo "2321"]
[BlackElo "2488"]

1.Nf3 Nf6 2.c4 g6 3.g3 Bg7 4.Bg2 O-O 5.O-O d6 6.Nc3 a6 7.d4 Nc6 8.d5 Na5
9.b3 c5 10.dxc6 Nxc6 11.Bb2 Qa5 12.Nd5 Nxd5 13.Bxg7 Nc3 14.Bxc3 Qxc3 15.Rc1 Qa5
16.Qd2 Qxd2 17.Nxd2 Bd7 18.Rfd1 Nb4 19.Kf1 Bc6  1/2-1/2

[Event "IEWCC"]
[Site "Istanbul TUR"]
[Date "2003.06.11"]
[Round "8"]
[White "Calotescu,C"]
[Black "Kouvatsou,M"]
[Result "1-0"]
[WhiteElo "2334"]
[BlackElo "2233"]

1.Nf3 Nf6 2.c4 g6 3.g3 Bg7 4.Bg2 O-O 5.d4 d6 6.O-O Nbd7 7.Nc3 e5 8.e4 exd4
9.Nxd4 a6 10.h3 Re8 11.Re1 Rb8 12.Rb1 Ne5 13.b3 c5 14.Nc2 b5 15.cxb5 axb5
16.f4 Ned7 17.Qxd6 b4 18.Na4 Bf8 19.Qd2 Bb7 20.e5 Nh5 21.Bxb7 Rxb7 22.Qg2 Ra7
23.Ne3 g5 24.Bb2 Ra6 25.Kh2 gxf4 26.gxf4+ Rg6 27.Qf3 Bh6 28.Ng2 Ng7 29.Rbd1 Qc7
30.Qd5 Re7 31.Qa8+ Re8 32.Qd5 Re7 33.Qf3 Ra6 34.Ne3 Re8 35.Nd5 Qc6 36.Rg1 Kh8
37.Qg2 Qc8 38.e6 f6 39.exd7 Qxd7 40.Nxc5  1-0

[Event "LXVII ch-CRC"]
[Site "Cenfotec CRC"]
[Date "2003.06.14"]
[Round "2"]
[White "Jimenez,Ju"]
[Black "Minero,C"]
[Result "1/2-1/2"]
[WhiteElo "2191"]
[BlackElo "2179"]

1.c4 Nf6 2.Nf3 g6 3.g3 Bg7 4.Bg2 O-O 5.O-O d6 6.d4 Nbd7 7.b3 c6 8.Bb2 Qc7
9.Nc3 Re8 10.e4 a6 11.Qd2 Rb8 12.Rfe1 c5 13.Rac1 cxd4 14.Nxd4 Nc5 15.b4 Ne6
16.Nd5 Qd7 17.a3 Nxd5 18.exd5 Nxd4 19.Bxd4 Bxd4 20.Qxd4 b6 21.Re3 Qg4 22.Re4 Qg5
23.Rce1 Rb7 24.h4 Qh6 25.Bf1 Qf8 26.Qd2 Bf5 27.Rd4 Rc7 28.Qf4 h5 29.Qd2 Qg7
30.Rf4 Rb8 31.Rc1 Qe5 32.Rf3 Rbc8 33.Re1 Qg7 34.Qe3 Rb8 35.Qg5 Re8 36.Rfe3 Kf8
37.Qf4 Qf6 38.f3 Qg7 39.Qg5  1/2-1/2

[Event "LXVII ch-CRC"]
[Site "Cenfotec CRC"]
[Date "2003.06.24"]
[Round "10"]
[White "Minero Pineda,S"]
[Black "Granados,C"]
[Result "1-0"]
[WhiteElo "2426"]
[BlackElo "2253"]

1.Nf3 Nf6 2.c4 g6 3.g3 Bg7 4.Bg2 O-O 5.d4 d6 6.Nc3 Nbd7 7.O-O e5 8.h3 c6
9.e4 Ne8 10.Be3 Qe7 11.Re1 f5 12.exf5 gxf5 13.dxe5 dxe5 14.Qd2 e4 15.Nd4 Qf7
16.b3 Ne5 17.Rad1 Nf6 18.Rf1 Qh5 19.Nce2 a5 20.Nf4 Qe8 21.Nde2 a4 22.Nc3 axb3
23.axb3 Kh8 24.Na4 Nxc4 25.bxc4 Rxa4 26.Qc2 Ra8 27.Rd6 Qe5 28.Rd2 Ra1 29.Rxa1 Qxa1+
30.Kh2 Qe5 31.Qd1 Qe7 32.Rd6 Ne8 33.Rd2 Nf6 34.Qa4 Be6 35.Bc5 Qxc5 36.Nxe6 Qe5
37.Nxf8 Bxf8 38.Qa8 Kg8 39.Rd8 Qe7 40.Rb8 Qd6 41.Rxb7 e3 42.fxe3 Nh5 43.Qb8 Qg6
44.Rd7 f4 45.g4 Qe6 46.Rd8  1-0

[Event "32nd TCh-GRE"]
[Site "Kallithea Chalkidiki GRE"]
[Date "2003.07.05"]
[Round "2"]
[White "Mastrovasilis,A"]
[Black "Haritakis,T"]
[Result "1/2-1/2"]
[WhiteElo "2499"]
[BlackElo "2295"]

1.Nf3 Nf6 2.c4 g6 3.g3 Bg7 4.Bg2 O-O 5.O-O d5 6.cxd5 Nxd5 7.Nc3 Nc6 8.Nxd5 Qxd5
9.d3 Qh5 10.Rb1 Bh3 11.Bxh3 Qxh3 12.b4 Rfd8 13.b5 Nd4 14.Nxd4 Bxd4 15.e3 Bg7
16.Rb3 Rd5 17.Qf3 Qd7 18.a4 Rd8 19.d4 e5 20.dxe5 Rd1 21.Bb2 Rxf1+ 22.Kxf1 Qe6
23.e4 Qc4+ 24.Kg2 Qxa4 25.Rd3 Rxd3 26.Qxd3 Bf8 27.Kh3 Qa2 28.Bd4 Qe6+ 29.Kg2 c5
30.bxc6 bxc6 31.Bxa7 Qxe5 32.Bd4 Qe6 33.Bb2 Bg7 34.Qd8+ Bf8 35.Qd4 f6 36.Qxf6 Qxe4+
37.Kg1 Qe1+ 38.Kg2 Qe4+ 39.Kg1 Qe1+ 40.Kg2 Qe4+  1/2-1/2